[Event "POL-chT 2nd League"]
[Site "Miedzyzdroje"]
[Date "2009.09.19"]
[Round "8"]
[White "Szymanowska, Lena"]
[Black "Spicak, Krzysztof"]
[Result "1-0"]
[WhiteElo "1944"]
[BlackElo "2011"]
[PlyCount "101"]
[EventDate "2009.09.12"]
[EventType "team-swiss"]
[EventRounds "9"]
[EventCountry "POL"]
[SourceTitle "EXT 2019"]
[Source "ChessBase"]
[SourceDate "2018.10.10"]
[SourceVersion "1"]
[SourceVersionDate "2018.10.10"]
[SourceQuality "1"]
[WhiteTeam "Olsztyn AZS UWM"]
[BlackTeam "Milanowek UKS Jedwabnik"]
[WhiteTeamCountry "POL"]
[BlackTeamCountry "POL"]

1. e4 g6 2. d4 Bg7 3. Nf3 d6 4. Bd3 Bg4 5. c3 Nf6 6. Nbd2 0-0 7. h3 Bc8 8. 0-0 Nh5 9. Nc4 b5 10. Ne3 a6 11. a4 bxa4 12. Qxa4 Nf4 13. Bc4 Nd7 14. Qc2 Nb6 15. Bb3 e5 16. Nc4 Nxc4 17. Bxc4 Qf6 18. dxe5 dxe5 19. Bxf4 Qxf4 20. Qe2 Bb7 21. Bd5 Bxd5 22. exd5 e4 23. Nd2 f5 24. Nc4 Rfe8 25. Rfd1 Bf8 26. Ra5 Qh6 27. d6 e3 28. Nxe3 cxd6 29. Qc4+ Kh8 30. Qd4+ Kg8 31. Qc4+ Kh8 32. Qd4+ Kg8 33. Qc4+ Kh8 34. Rxa6 Rac8 35. Qd4+ Bg7 36. Qxd6 Qg5 37. Ra7 Rxe3 38. Qd7 Rg8 39. fxe3 Qxe3+ 40. Kh1 h5 41. Qf7 Qg3 42. Re7 Qg5 43. c4 h4 44. b4 Qh6 45. Rde1 Kh7 46. b5 Qd2 47. b6 Qc3 48. b7 Rb8 49. Re8 Rxe8 50. Qxe8 Qxc4 51. b8Q 1-0

[Event "POL-chT 2nd League"]
[Site "Miedzyzdroje"]
[Date "2009.09.17"]
[Round "6"]
[White "Szymanowska, Lena"]
[Black "Khamidov, Komil"]
[Result "1-0"]
[WhiteElo "1944"]
[BlackElo "2013"]
[PlyCount "67"]
[EventDate "2009.09.12"]
[EventType "team-swiss"]
[EventRounds "9"]
[EventCountry "POL"]
[SourceTitle "EXT 2019"]
[Source "ChessBase"]
[SourceDate "2018.10.10"]
[SourceVersion "1"]
[SourceVersionDate "2018.10.10"]
[SourceQuality "1"]
[WhiteTeam "Olsztyn AZS UWM"]
[BlackTeam "Wroclaw KS Polonia"]
[WhiteTeamCountry "POL"]
[BlackTeamCountry "POL"]

1. e4 e5 2. Nf3 Nc6 3. d4 exd4 4. Nxd4 Bc5 5. Be3 Qf6 6. c3 Nge7 7. Bc4 Bb6 8. 0-0 0-0 9. Nxc6 Nxc6 10. Bxb6 axb6 11. f4 d6 12. Nd2 Be6 13. Qc2 h6 14. b3 Bxc4 15. Nxc4 Rae8 16. Rae1 Qe7 17. Qd2 Qd8 18. Qd3 Qc8 19. Ne3 Ne7 20. f5 Nc6 21. Nd5 f6 22. Nf4 Ne5 23. Qh3 Rf7 24. Re3 Kh8 25. Rg3 Ree7 26. Ne6 Qg8 27. Rf4 Rxe6 28. fxe6 Re7 29. Rxf6 gxf6 30. Qxh6+ Rh7 31. Rxg8+ Kxg8 32. Qxh7+ Kxh7 33. e7 Kg7 34. e8Q 1-0

[Event "Rewal op-A 13th"]
[Site "Rewal"]
[Date "2008.08.25"]
[Round "5"]
[White "Szymanowska, Lena"]
[Black "Smirnov, Aleksander"]
[Result "0-1"]
[WhiteElo "1932"]
[BlackElo "2262"]
[PlyCount "113"]
[EventDate "2008.08.20"]
[EventType "swiss"]
[EventRounds "9"]
[EventCountry "POL"]
[SourceTitle "CBM 126 Extra"]
[Source "ChessBase"]
[SourceDate "2008.11.05"]
[SourceVersion "1"]
[SourceVersionDate "2008.11.05"]
[SourceQuality "1"]

1. e4 c5 2. Nf3 Nc6 3. d3 g6 4. g3 Bg7 5. Bg2 e6 6. Nbd2 Nge7 7. 0-0 d5 8. Re1 Qc7 9. c3 b6 10. Qc2 Bb7 11. Nf1 Rd8 12. Bd2 0-0 13. h4 h6 14. N1h2 Ba6 15. Bf1 Qd7 16. e5 h5 17. Qc1 f6 18. exf6 Bxf6 19. Ng5 e5 20. Bh3 Nf5 21. Qd1 Rde8 22. g4 Bxg5 23. gxf5 Bxh4 24. Bh6 Rxf5 25. Nf3 Bf6 26. Kh1 Kh7 27. Bd2 Bxd3 28. Bg5 Qf7 29. Bxf5 Bxf5 30. Qa4 Bg4 31. Re3 Rc8 32. Rg1 e4 33. Bxf6 Bxf3+ 34. Rxf3 exf3 35. Bh4 Qf5 36. Bg3 d4 37. cxd4 cxd4 38. Qd1 d3 39. Bh2 Nd4 40. Qd2 Ne2 41. Rg5 Qxg5 42. Qxg5 Rc1+ 43. Qxc1 Nxc1 44. Bf4 Ne2 45. Be3 Kg7 46. Kh2 Kf6 47. Kh3 g5 48. Bd2 Kf5 49. Be3 g4+ 50. Kh2 h4 51. a4 a6 52. b4 b5 53. axb5 axb5 54. Bd2 Ke4 55. Bg5 g3+ 56. fxg3 hxg3+ 57. Kh1 0-1

[Event "Rewal op-A 13th"]
[Site "Rewal"]
[Date "2008.08.23"]
[Round "4"]
[White "Nicolo, Filippo"]
[Black "Szymanowska, Lena"]
[Result "0-1"]
[WhiteElo "2125"]
[BlackElo "1932"]
[PlyCount "98"]
[EventDate "2008.08.20"]
[EventType "swiss"]
[EventRounds "9"]
[EventCountry "POL"]
[SourceTitle "CBM 126 Extra"]
[Source "ChessBase"]
[SourceDate "2008.11.05"]
[SourceVersion "1"]
[SourceVersionDate "2008.11.05"]
[SourceQuality "1"]

1. e4 e6 2. d3 d5 3. Nd2 Nf6 4. Ngf3 c5 5. g3 Nc6 6. Bg2 b6 7. 0-0 Be7 8. e5 Nd7 9. Re1 Qc7 10. Qe2 Bb7 11. Nf1 0-0-0 12. c3 Rdg8 13. d4 g5 14. Be3 h5 15. Rac1 Kb8 16. b3 g4 17. N3d2 Qd8 18. dxc5 Nxc5 19. b4 Nd7 20. Bf4 Bg5 21. b5 Na5 22. c4 Nc5 23. Red1 Bxf4 24. gxf4 d4 25. Ne4 h4 26. Nd6 Bxg2 27. Kxg2 d3 28. Qe3 Qc7 29. Nd2 h3+ 30. Kg1 f5 31. Nb3 Naxb3 32. axb3 Nxb3 33. Qxd3 Nxc1 34. Rxc1 Rd8 35. Ra1 Rh7 36. Kf1 Rhd7 37. Qb3 Qc5 38. Qa4 Qd4 39. c5 Qxa4 40. Rxa4 bxc5 41. Rc4 Rxd6 42. exd6 Rxd6 43. Rxc5 Rd1+ 44. Ke2 Rh1 45. Rc6 Rxh2 46. Rxe6 Rh1 47. Rh6 Rb1 48. f3 g3 49. Rxh3 g2 0-1

[Event "POL-chT 2nd League"]
[Site "Wysowa"]
[Date "2007.09.11"]
[Round "9.60"]
[White "Szymanowska, Lena"]
[Black "Golek, Jagoda"]
[Result "1/2-1/2"]
[WhiteElo "1911"]
[BlackElo "1990"]
[PlyCount "83"]
[EventDate "2007.09.03"]
[EventType "team-swiss"]
[EventRounds "9"]
[EventCountry "POL"]
[SourceTitle "EXT 2019"]
[Source "ChessBase"]
[SourceDate "2018.10.10"]
[SourceVersion "1"]
[SourceVersionDate "2018.10.10"]
[SourceQuality "1"]
[WhiteTeam "Olsztyn AZS UMW"]
[BlackTeam "Gniezno LKS Chrobry"]
[WhiteTeamCountry "POL"]
[BlackTeamCountry "POL"]

1. e4 d5 2. exd5 Qxd5 3. Nc3 Qd6 4. d4 Nf6 5. Nf3 a6 6. Be2 Bf5 7. Ne5 e6 8. 0-0 c6 9. Bf4 Qd8 10. Re1 Nd5 11. Nxd5 cxd5 12. c3 Be7 13. Bg4 Bg6 14. Qe2 0-0 15. Nxg6 hxg6 16. Rad1 Bg5 17. Bxg5 Qxg5 18. Bxe6 Nc6 19. Bd7 Rfd8 20. Bxc6 bxc6 21. Qe5 Qg4 22. Rd3 Qd7 23. Rde3 Rab8 24. b3 Rf8 25. Qe7 Qf5 26. Qc5 Rfc8 27. Qe7 Rf8 28. Rh3 g5 29. Qe5 Qg6 30. Rg3 g4 31. h3 Rfe8 32. Qxe8+ Rxe8 33. Rxe8+ Kh7 34. hxg4 Qb1+ 35. Kh2 Qxa2 36. f4 g6 37. g5 Kg7 38. Rg4 Qf2 39. Kh3 f5 40. Rh4 Kf7 41. Re5 Kg7 42. Re7+ 1/2-1/2

[Event "POL Academic Cup 2nd"]
[Site "Wroclaw"]
[Date "2007.05.02"]
[Round "7"]
[White "Szymanowska, Lena"]
[Black "Praszak, Michal"]
[Result "0-1"]
[WhiteElo "1918"]
[BlackElo "2234"]
[PlyCount "61"]
[EventDate "2007.04.28"]
[EventType "swiss"]
[EventRounds "9"]
[EventCountry "POL"]
[SourceTitle "EXT 2011"]
[Source "ChessBase"]
[SourceDate "2010.11.26"]
[SourceVersion "1"]
[SourceVersionDate "2010.11.26"]
[SourceQuality "1"]

1. e4 c5 2. Nf3 d6 3. g3 Nc6 4. Bg2 g6 5. d3 Bg7 6. c3 Bg4 7. h3 Bxf3 8. Bxf3 Nf6 9. Bg2 Nd7 10. f4 0-0 11. 0-0 Rb8 12. Nd2 Qc7 13. Qf3 Na5 14. h4 b5 15. f5 Ne5 16. Qe2 b4 17. c4 Nac6 18. Nf3 Nxf3+ 19. Qxf3 Nd4 20. Qg4 Qd7 21. h5 Kh8 22. Bh3 gxf5 23. exf5 Bf6 24. Kh2 Rg8 25. Qe4 Qa4 26. Qd5 Qc2+ 27. Bg2 Qxd3 28. Bf4 Qe2 29. Qxf7 Rgf8 30. Qd5 Qxh5+ 31. Bh3 0-1

[Event "POL-chT 2nd League"]
[Site "Lublin"]
[Date "2006.09.04"]
[Round "3.78"]
[White "Zakoscielna, Kinga"]
[Black "Szymanowska, Lena"]
[Result "1-0"]
[WhiteElo "1950"]
[BlackElo "1952"]
[PlyCount "91"]
[EventDate "2006.09.02"]
[EventType "team-swiss"]
[EventRounds "9"]
[EventCountry "POL"]
[SourceTitle "EXT 2019"]
[Source "ChessBase"]
[SourceDate "2018.10.10"]
[SourceVersion "1"]
[SourceVersionDate "2018.10.10"]
[SourceQuality "1"]
[WhiteTeam "Koszalin Hetman Politechnika"]
[BlackTeam "Olsztyn AZS UWM"]
[WhiteTeamCountry "POL"]
[BlackTeamCountry "POL"]

1. e4 e6 2. d4 d5 3. Nc3 Nf6 4. Bg5 Bb4 5. e5 h6 6. Bd2 Bxc3 7. bxc3 Ne4 8. Qg4 g6 9. Bd3 Nxd2 10. Kxd2 c5 11. h4 c4 12. Be2 Nc6 13. h5 g5 14. Qg3 Qa5 15. Qe3 Bd7 16. f4 gxf4 17. Qxf4 0-0-0 18. Nf3 Rdg8 19. g4 Be8 20. Rhg1 Ne7 21. Qf6 Qd8 22. Raf1 Kd7 23. a4 Nc6 24. Rb1 b6 25. Rbf1 Rh7 26. g5 Rhh8 27. Rg2 Qe7 28. Rfg1 Qd8 29. g6 fxg6 30. hxg6 Ne7 31. g7 Rh7 32. Nh4 Nf5 33. Nxf5 Qxf6 34. exf6 exf5 35. Re1 Ke6 36. Bh5+ Kxf6 37. Rxe8 Rgxg7 38. Rf8+ Ke6 39. Bg6 Ke7 40. Rxf5 Rh8 41. Rxd5 Ke6 42. Be4 Rxg2+ 43. Bxg2 Rg8 44. Re5+ Kd6 45. Bd5 Rc8 46. Bf7 1-0

[Event "Rewal op 11th"]
[Site "Rewal"]
[Date "2006.08.25"]
[Round "6"]
[White "Klekowski, Maciej"]
[Black "Szymanowska, Lena"]
[Result "1-0"]
[WhiteElo "2096"]
[BlackElo "1943"]
[PlyCount "59"]
[EventDate "2006.08.21"]
[EventType "swiss"]
[EventRounds "11"]
[EventCountry "POL"]
[SourceTitle "EXT 2010"]
[Source "ChessBase"]
[SourceDate "2010.11.25"]
[SourceVersion "1"]
[SourceVersionDate "2010.11.25"]
[SourceQuality "1"]

1. c4 e6 2. Nc3 d5 3. e3 Nf6 4. f4 d4 5. exd4 Qxd4 6. d3 Bc5 7. Qf3 Bd7 8. Nge2 Qd6 9. Be3 Bxe3 10. Qxe3 0-0 11. 0-0-0 a6 12. Rg1 Qb4 13. g4 b5 14. g5 Ne8 15. c5 Bc6 16. a3 Qa5 17. Nd4 Bd5 18. Nxd5 exd5 19. Nf5 Nc6 20. Bg2 Rd8 21. Ne7+ Nxe7 22. Qxe7 c6 23. f5 Qc7 24. Rde1 Qf4+ 25. Kb1 Nc7 26. Rgf1 Qxh2 27. g6 Qxg2 28. gxf7+ Kh8 29. Qxc7 Rc8 30. Qxc8 1-0

[Event "POL-chT 1st League"]
[Site "Jarnoltowek"]
[Date "2005.09.04"]
[Round "2.24"]
[White "Szymanowska, Lena"]
[Black "Bednarska Bzdega, Malgorzata"]
[Result "0-1"]
[WhiteElo "1982"]
[BlackElo "2160"]
[PlyCount "72"]
[EventDate "2005.09.03"]
[EventType "team-tourn"]
[EventRounds "9"]
[EventCountry "POL"]
[SourceTitle "EXT 2019"]
[Source "ChessBase"]
[SourceDate "2018.10.10"]
[SourceVersion "1"]
[SourceVersionDate "2018.10.10"]
[SourceQuality "1"]
[WhiteTeam "Ostroda Ostrodzianka"]
[BlackTeam "Kozuchow Odrodzenie"]
[WhiteTeamCountry "POL"]
[BlackTeamCountry "POL"]

1. e4 c5 2. d3 g6 3. Nf3 Bg7 4. g3 d5 5. Nbd2 Nf6 6. Bg2 dxe4 7. dxe4 0-0 8. 0-0 Qc7 9. c3 Rd8 10. Qc2 b6 11. Re1 Nc6 12. Nc4 Bb7 13. Bf4 Qc8 14. Rad1 b5 15. Rxd8+ Qxd8 16. Rd1 Qe8 17. Nce5 Nxe5 18. Nxe5 c4 19. Qe2 Rd8 20. f3 Nh5 21. Rxd8 Qxd8 22. Qe3 g5 23. Nxf7 Qd1+ 24. Bf1 gxf4 25. Qxa7 Kxf7 26. Qxb7 fxg3 27. Qxb5 gxh2+ 28. Kxh2 Qxf3 29. Bxc4+ Kg6 30. Qb6+ Bf6 31. Qg1+ Kh6 32. Qg2 Be5+ 33. Kg1 Qe3+ 34. Qf2 Qxe4 35. Be2 Ng3 36. Bf3 Qb1+ 0-1

[Event "POL-ch U18 Girls"]
[Site "Leba"]
[Date "2004.04.02"]
[Round "8"]
[White "Szelest, Malgorzata"]
[Black "Szymanowska, Lena"]
[Result "1/2-1/2"]
[WhiteElo "1900"]
[BlackElo "1993"]
[PlyCount "23"]
[EventDate "2004.03.27"]
[EventType "swiss"]
[EventRounds "11"]
[EventCountry "POL"]
[SourceTitle "EXT 2005"]
[Source "ChessBase"]
[SourceDate "2004.11.15"]
[SourceVersion "1"]
[SourceVersionDate "2004.11.15"]
[SourceQuality "1"]

1. f4 b6 2. e3 e6 3. Nf3 f5 4. Be2 Nf6 5. d4 Bb7 6. 0-0 d6 7. c3 Ne4 8. Nbd2 Be7 9. Qb3 d5 10. Ne5 0-0 11. Qd1 Nd7 12. Rf3 1/2-1/2

[Event "POL-ch U18 Girls"]
[Site "Leba"]
[Date "2004.03.27"]
[Round "1"]
[White "Zawadzka, Beata"]
[Black "Szymanowska, Lena"]
[Result "1/2-1/2"]
[WhiteElo "2266"]
[BlackElo "1993"]
[PlyCount "139"]
[EventDate "2004.03.27"]
[EventType "swiss"]
[EventRounds "11"]
[EventCountry "POL"]
[SourceTitle "EXT 2005"]
[Source "ChessBase"]
[SourceDate "2004.11.15"]
[SourceVersion "1"]
[SourceVersionDate "2004.11.15"]
[SourceQuality "1"]

1. d4 d5 2. c4 e6 3. Nc3 c6 4. e3 Nf6 5. Nf3 Nbd7 6. Qc2 Bd6 7. e4 dxe4 8. Nxe4 Nxe4 9. Qxe4 Nf6 10. Qc2 c5 11. dxc5 Bxc5 12. Bd3 Bb4+ 13. Ke2 Be7 14. Rd1 Qc7 15. h3 0-0 16. Bg5 h6 17. Be3 Bc5 18. Qd2 Bxe3 19. Qxe3 Bd7 20. Ne5 Bc6 21. g4 Nd7 22. Nxd7 Bxd7 23. Rg1 e5 24. b3 Bc6 25. Bf5 f6 26. Rgd1 Rfe8 27. Be4 Rad8 28. Bg6 Re7 29. Rxd8+ Qxd8 30. Rd1 Qa5 31. Qd2 Qxd2+ 32. Rxd2 Rd7 33. Rxd7 Bxd7 34. b4 Kf8 35. Kd3 Ke7 36. Be4 b6 37. c5 bxc5 38. bxc5 Bb5+ 39. Kc3 Kd7 40. Kb4 Bc6 41. Bf5+ Kc7 42. h4 Bd5 43. a4 Kc6 44. a5 Bf3 45. h5 Bd5 46. Bg6 Bf3 47. Be8+ Kc7 48. Kc4 Bxg4 49. Kd5 Bh3 50. f3 Bg2 51. Ke4 Bf1 52. Kf5 Bd3+ 53. Ke6 Be2 54. Kf7 Bxf3 55. Kxg7 e4 56. Kxh6 e3 57. Bb5 e2 58. Bxe2 Bxe2 59. Kg6 Bxh5+ 60. Kxf6 Kc6 61. Ke5 Kxc5 62. Ke4 Kb5 63. Kd3 Kxa5 64. Kc3 Kb5 65. Kb2 Bg6 66. Ka1 Bf7 67. Kb2 a5 68. Ka1 Kb4 69. Kb1 a4 70. Ka1 1/2-1/2

[Event "Golden Rook op (Women)"]
[Site "Chotowa"]
[Date "2003.05.06"]
[Round "1"]
[White "Szymanowska, Lena"]
[Black "Smolak, Ewa"]
[Result "1-0"]
[WhiteElo "1968"]
[BlackElo "1800"]
[PlyCount "117"]
[EventDate "2003.05.??"]
[EventType "swiss"]
[EventRounds "9"]
[EventCountry "POL"]
[SourceTitle "EXT 2005"]
[Source "ChessBase"]
[SourceDate "2004.11.15"]
[SourceVersion "1"]
[SourceVersionDate "2004.11.15"]
[SourceQuality "1"]

1. e4 e5 2. Nf3 Nc6 3. d4 exd4 4. Nxd4 Bc5 5. Be3 Bb6 6. Bc4 d6 7. c3 Nf6 8. Nxc6 bxc6 9. Qd3 0-0 10. 0-0 Re8 11. Bg5 h6 12. Bxf6 Qxf6 13. Bb3 Re5 14. Nd2 Qg6 15. Qg3 Rg5 16. Qf3 Bg4 17. Qd3 Be6 18. Qf3 Rf8 19. Rae1 Bg4 20. Qd3 Bh5 21. g3 Qf6 22. Kg2 Re5 23. Nc4 Re7 24. Nxb6 axb6 25. Re3 Rfe8 26. Rfe1 Bg6 27. Qe2 Qe5 28. Bc2 Bh5 29. Qc4 Qe6 30. Qxc6 Qxa2 31. e5 d5 32. e6 f6 33. Qb5 Qa8 34. Qd3 g5 35. Kg1 Rg7 36. Bb3 c6 37. Qf5 Qd8 38. g4 Bg6 39. e7 Qc7 40. Qxf6 Kh7 41. Re6 Qd7 42. h3 Qc7 43. R1e3 Qf4 44. Qxf4 gxf4 45. R3e5 Be4 46. Rxc6 Rexe7 47. Rxe7 Rxe7 48. Rxb6 Bf3 49. Bc2+ Kg7 50. Kf1 Re2 51. Ba4 Re4 52. b4 Re2 53. Bd1 Rd2 54. Bxf3 Rd3 55. Kg2 Rxc3 56. Bxd5 Rd3 57. Bf3 Rb3 58. b5 Rb2 59. Rb8 1-0

[Event "POL-ch U18 Girls"]
[Site "Krynica"]
[Date "2003.??.??"]
[Round "4"]
[White "Sieradzka, Anna"]
[Black "Szymanowska, Lena"]
[Result "1/2-1/2"]
[WhiteElo "1800"]
[BlackElo "1800"]
[PlyCount "63"]
[EventDate "2003.??.??"]
[EventType "swiss"]
[EventRounds "11"]
[EventCountry "POL"]
[SourceTitle "EXT 2007"]
[Source "ChessBase"]
[SourceDate "2006.11.23"]
[SourceVersion "1"]
[SourceVersionDate "2006.11.23"]
[SourceQuality "1"]

1. e4 e6 2. d4 d5 3. exd5 exd5 4. Bd3 Bd6 5. c3 Nf6 6. Nf3 0-0 7. 0-0 Bg4 8. Bg5 c6 9. Nbd2 Nbd7 10. Qc2 Qc7 11. Rfe1 Rfe8 12. Rac1 h6 13. Bh4 Nh5 14. Bf5 Bxf5 15. Qxf5 Nf4 16. Rb1 Ng6 17. Bg3 Bxg3 18. hxg3 Rad8 19. Nh4 Nxh4 20. gxh4 Nf6 21. Nf3 Ne4 22. Ne5 Re6 23. f3 Nd6 24. Qg4 Rde8 25. Kf2 Qa5 26. a3 Qd8 27. Nd3 Rxe1 28. Rxe1 Rxe1 29. Kxe1 Qe7+ 30. Kf2 Nc4 31. Qf4 Kh7 32. a4 1/2-1/2

[Event "POL-ch U18 Girls"]
[Site "Krynica"]
[Date "2003.??.??"]
[Round "1"]
[White "Szymanowska, Lena"]
[Black "Bojdol, Joanna"]
[Result "0-1"]
[WhiteElo "1800"]
[BlackElo "2020"]
[PlyCount "72"]
[EventDate "2003.??.??"]
[EventType "swiss"]
[EventRounds "11"]
[EventCountry "POL"]
[SourceTitle "EXT 2007"]
[Source "ChessBase"]
[SourceDate "2006.11.23"]
[SourceVersion "1"]
[SourceVersionDate "2006.11.23"]
[SourceQuality "1"]

1. e4 c5 2. c3 d6 3. d4 cxd4 4. cxd4 Nf6 5. Nc3 Nc6 6. Nf3 Bg4 7. Be2 e6 8. 0-0 Be7 9. Be3 0-0 10. Qb3 Na5 11. Qa4 Rc8 12. Rac1 d5 13. exd5 Nxd5 14. Bd2 Nc6 15. a3 Nb6 16. Qd1 Bxf3 17. Bxf3 Qxd4 18. Be3 Qxd1 19. Rfxd1 Rfd8 20. Nb5 Rxd1+ 21. Rxd1 Nc4 22. Rd7 Nxe3 23. fxe3 Bc5 24. Rxb7 Na5 25. Nxa7 Bxe3+ 26. Kf1 Rc1+ 27. Ke2 Nxb7 28. Kxe3 Nd6 29. Kd2 Rc7 30. Nc6 Nc4+ 31. Kc3 Ne5 32. b4 Nxc6 33. Bxc6 Rxc6+ 34. Kb3 Kf8 35. b5 Rc1 36. a4 Ke8 0-1

[Event "POL-ch U18 Girls"]
[Site "Krynica"]
[Date "2003.??.??"]
[Round "3"]
[White "Szymanowska, Lena"]
[Black "Licznerska, Dorota"]
[Result "1/2-1/2"]
[WhiteElo "1800"]
[BlackElo "1800"]
[PlyCount "36"]
[EventDate "2003.??.??"]
[EventType "swiss"]
[EventRounds "11"]
[EventCountry "POL"]
[SourceTitle "EXT 2007"]
[Source "ChessBase"]
[SourceDate "2006.11.23"]
[SourceVersion "1"]
[SourceVersionDate "2006.11.23"]
[SourceQuality "1"]

1. e4 e5 2. Nf3 Nc6 3. d4 exd4 4. Nxd4 Nf6 5. Nxc6 bxc6 6. Nd2 d5 7. exd5 cxd5 8. Bd3 Bd6 9. 0-0 0-0 10. c3 c6 11. Nb3 Qc7 12. h3 Re8 13. Be3 Bf4 14. Bxf4 Qxf4 15. Qc2 g6 16. Rfe1 Bd7 17. Nc5 Qd6 18. Nxd7 Nxd7 1/2-1/2

[Event "POL-ch U18 Girls"]
[Site "Krynica"]
[Date "2003.??.??"]
[Round "10"]
[White "Szymanowska, Lena"]
[Black "Litwin, Barbara"]
[Result "0-1"]
[WhiteElo "1800"]
[BlackElo "1800"]
[PlyCount "66"]
[EventDate "2003.??.??"]
[EventType "swiss"]
[EventRounds "11"]
[EventCountry "POL"]
[SourceTitle "EXT 2007"]
[Source "ChessBase"]
[SourceDate "2006.11.23"]
[SourceVersion "1"]
[SourceVersionDate "2006.11.23"]
[SourceQuality "1"]

1. e4 c5 2. c3 Nf6 3. e5 Nd5 4. d4 cxd4 5. Qxd4 e6 6. Nf3 Nc6 7. Qe4 f5 8. Qc2 Qc7 9. Qe2 Nde7 10. Bf4 Ng6 11. g3 b6 12. Bg2 a5 13. Nd4 Nxd4 14. cxd4 Nxf4 15. gxf4 Qc1+ 16. Qd1 Qxb2 17. Bxa8 Qxa1 18. 0-0 Qxa2 19. d5 Qc4 20. dxe6 dxe6 21. Qf3 Ba6 22. Rd1 Be7 23. Bc6+ Kf7 24. Nc3 b5 25. Ba8 b4 26. Na4 Qe2 27. Qxe2 Bxe2 28. Rd2 Bb5 29. Bf3 Bxa4 30. Ra2 Bd7 31. Rxa5 Rc8 32. Ra1 Bc6 33. Bd1 Bd5 0-1